00253nam a2200097 4500008004100000100001800041245004400059260001200103300002800115773001200143191119b ||||| |||| 00| 0 eng d aMishra, Anand aThinking beyond the self and the other  bYojana  a63, Oct, 2019: p.17-20. aYojana